000
00252nam a2200085Ia 4500
008
170620s9999 xx 000 0 und d
100
_a
Rai - Kailash
245
0
_a
MOOT COURT Pre-Trial Preparation and Perticipation in Trial Proceedings
260
_b
Central Law Pub.
260
_c
2012
999
_c
29769
_d
29769